[Event "NB1 Maroczy csoport"]
[Site "Budapest"]
[Date "2024.12.01"]
[Round "3.10"]
[White "Gyurkovics, Miklos"]
[Black "Tumo, Bence"]
[Result "1-0"]
[WhiteElo "1981"]
[BlackElo "1901"]
[PlyCount "83"]
[GameId "2119486912385502"]
[EventDate "2024.11.03"]
[EventType "team-tourn"]
[EventRounds "11"]
[EventCountry "HUN"]
[Source "chess.hu"]
[WhiteTeam "Vasas SC"]
[BlackTeam "NYESE"]
[WhiteTeamCountry "HUN"]
[BlackTeamCountry "HUN"]

1. Nf3 c5 2. g3 Nc6 3. Bg2 g6 4. O-O Bg7 5. c3 Nf6 6. d4 cxd4 7. cxd4 d5 8. Nc3 O-O 9. Ne5 Be6 10. f4 Rc8 11. e3 a6 12. Bd2 b5 13. h3 h5 14. Kh2 Bf5 15. Rc1 Nxe5 16. fxe5 Ne4 17. Bxe4 Bxe4 18. Nxe4 dxe4 19. Qb3 e6 20. Rxc8 Qxc8 21. Bb4 Rd8 22. Qc3 Bh6 23. Re1 Qb7 24. Rc1 Qd5 25. b3 Bg5 26. h4 Bh6 27. Kg2 Kg7 28. Kf2 f6 29. Be7 Rd7 30. Bxf6+ Kf7 31. Qc5 Bf8 32. Qxd5 exd5 33. Rc6 Ra7 34. Bd8 a5 35. Bb6 Ra6 36. a4 bxa4 37. bxa4 Bb4 38. Rc7+ Ke6 39. Bc5 Kf5 40. Rf7+ Kg4 41. Kg2 g5 42. Rg7 1-0

[Event "NB1 Maroczy csoport"]
[Site "Budapest"]
[Date "2024.12.01"]
[Round "3.11"]
[White "Laskai, Gabor"]
[Black "Budavari, Gergely"]
[Result "0-1"]
[WhiteElo "1932"]
[BlackElo "1685"]
[PlyCount "90"]
[GameId "2119486942675450"]
[EventDate "2024.11.03"]
[EventType "team-tourn"]
[EventRounds "11"]
[EventCountry "HUN"]
[Source "chess.hu"]
[WhiteTeam "NYESE"]
[BlackTeam "Vasas SC"]
[WhiteTeamCountry "HUN"]
[BlackTeamCountry "HUN"]

1. c4 e5 2. Nc3 Nc6 3. g3 f5 4. Bg2 Nf6 5. a3 a5 6. d3 Bc5 7. Bg5 Bxf2+ 8. Kxf2 Ng4+ 9. Ke1 Qxg5 10. Nf3 Qd8 11. Qd2 d6 12. Rf1 O-O 13. Ng5 Nd4 14. Bd5+ Kh8 15. c5 c6 16. Nf7+ Rxf7 17. Bxf7 d5 18. Rb1 a4 19. e3 Nxe3 20. Rf2 Ng4 21. Rf1 g6 22. h3 Ne3 23. Rf2 Qg5 24. Nd1 Ndc2+ 25. Ke2 Nd4+ 26. Ke1 Nec2+ 27. Kf1 Qxd2 28. Rxd2 f4 29. Kg2 Ne3+ 30. Nxe3 fxe3 31. Rdd1 e2 32. Rd2 Kg7 33. Bxd5 cxd5 34. Re1 Bd7 35. Rexe2 Nxe2 36. Rxe2 e4 37. Kh2 Re8 38. d4 Rf8 39. Kg2 Rf3 40. Rd2 g5 41. Rd1 Kg6 42. Rd2 h5 43. Rd1 Bb5 44. Rd2 Bf1+ 45. Kh2 e3 0-1

[Event "NB1 Maroczy csoport"]
[Site "Budapest"]
[Date "2024.12.01"]
[Round "3.12"]
[White "Nagy, Nimrod"]
[Black "Szoke, Nora"]
[Result "1-0"]
[WhiteElo "1668"]
[BlackElo "1766"]
[PlyCount "65"]
[GameId "2119486976373270"]
[EventDate "2024.11.03"]
[EventType "team-tourn"]
[EventRounds "11"]
[EventCountry "HUN"]
[Source "chess.hu"]
[WhiteTeam "Vasas SC"]
[BlackTeam "NYESE"]
[WhiteTeamCountry "HUN"]
[BlackTeamCountry "HUN"]

1. e4 e5 2. Nf3 Nc6 3. Bc4 Nf6 4. Ng5 d5 5. exd5 Na5 6. Bb5+ c6 7. dxc6 bxc6 8. Bd3 Be7 9. O-O O-O 10. Nc3 Bb7 11. Re1 g6 12. Nf3 Nd7 13. Nxe5 Nxe5 14. Rxe5 Qc7 15. Re1 Bd6 16. g3 f5 17. Bf1 a6 18. d4 Rad8 19. Bh6 Rf7 20. a3 c5 21. d5 f4 22. Ne4 fxg3 23. hxg3 Rf5 24. c4 Bc8 25. Bh3 Rf7 26. Bxc8 Rxc8 27. Nxd6 Qxd6 28. Re6 Qb8 29. Qe2 Rd7 30. Re1 Rdd8 31. Rxg6+ hxg6 32. Qe6+ Kh7 33. Qe7+ 1-0

[Event "NB1 Maroczy csoport"]
[Site "Szeged"]
[Date "2024.12.01"]
[Round "3.1"]
[White "Leszko, Bence"]
[Black "Nagy, Daniel"]
[Result "1-0"]
[WhiteElo "2255"]
[BlackElo "2277"]
[PlyCount "127"]
[GameId "2119485573831622"]
[EventDate "2024.11.03"]
[EventType "team-tourn"]
[EventRounds "11"]
[EventCountry "HUN"]
[Source "chess.hu"]
[WhiteTeam "Pitypalatty Sakk SE"]
[BlackTeam "Maroczy SE II."]
[WhiteTeamCountry "HUN"]
[BlackTeamCountry "HUN"]

1. e4 c5 2. Nf3 d6 3. d4 cxd4 4. Qxd4 a6 5. Be2 Nc6 6. Qe3 g6 7. c4 Bg7 8. Nc3 Nf6 9. O-O O-O 10. h3 Rb8 11. Rd1 Nd7 12. Rb1 Qa5 13. Bd2 Qc5 14. Qf4 Nde5 15. Nd5 Nxf3+ 16. Qxf3 e5 17. b4 Qa7 18. Be3 Nd4 19. Rxd4 exd4 20. Bf4 Rd8 21. Qg3 b6 22. Bxd6 Rb7 23. e5 Bf5 24. Rd1 Rbd7 25. c5 bxc5 26. bxc5 Be6 27. Bf3 Rxd6 28. cxd6 Qc5 29. Qh4 Rb8 30. Nf6+ Bxf6 31. Qxf6 Re8 32. Bg4 Bxg4 33. hxg4 Qd5 34. Qf4 d3 35. Qe3 Rxe5 36. Rxd3 Rxe3 37. Rxd5 Re8 38. f4 Kf8 39. Kf2 Rb8 40. Ke3 Ke8 41. Re5+ Kd7 42. Re7+ Kxd6 43. Rxf7 Rb2 44. Rxh7 Rxg2 45. Kf3 Rxa2 46. Rg7 Ra3+ 47. Kg2 Kd5 48. Rxg6 a5 49. g5 Ke4 50. Rf6 Rb3 51. g6 Rb8 52. Kg3 a4 53. Kg4 Ra8 54. Re6+ Kd5 55. Re1 a3 56. f5 a2 57. g7 Kd6 58. f6 a1=Q 59. Rxa1 Rxa1 60. f7 Rg1+ 61. Kf5 Rf1+ 62. Kg6 Ke7 63. g8=Q Rg1+ 64. Kh5 1-0

[Event "NB1 Maroczy csoport"]
[Site "Szeged"]
[Date "2024.12.01"]
[Round "3.2"]
[White "Zakarias, David"]
[Black "Papp, Tamas"]
[Result "1/2-1/2"]
[WhiteElo "2291"]
[BlackElo "2306"]
[PlyCount "90"]
[GameId "2119485623569366"]
[EventDate "2024.11.03"]
[EventType "team-tourn"]
[EventRounds "11"]
[EventCountry "HUN"]
[Source "chess.hu"]
[WhiteTeam "Maroczy SE II."]
[BlackTeam "Pitypalatty Sakk SE"]
[WhiteTeamCountry "HUN"]
[BlackTeamCountry "HUN"]

1. d4 Nf6 2. c4 e6 3. Nf3 b6 4. g3 Bb7 5. Bg2 Be7 6. O-O O-O 7. Nc3 Ne4 8. Bd2 Bf6 9. Rc1 Nxd2 10. Qxd2 d6 11. d5 e5 12. Ne1 Bg5 13. f4 Bh6 14. Nf3 Nd7 15. e3 f5 16. Rce1 a6 17. Qc2 g6 18. h4 Qf6 19. Ng5 e4 20. Ne6 Rfc8 21. Qf2 Nc5 22. Nxc5 bxc5 23. g4 Bg7 24. h5 a5 25. Ne2 Rcb8 26. Ng3 Bc8 27. Re2 Qf7 28. hxg6 hxg6 29. gxf5 gxf5 30. Bh3 Rb4 31. Rc1 Rab8 32. Rcc2 Qg6 33. Kh2 Kf7 34. Qg2 Bf6 35. Red2 a4 36. Qe2 Qh7 37. Kg2 Bd7 38. Qh5+ Qxh5 39. Nxh5 Rxb2 40. Rxb2 Bxb2 41. Ng3 Bc1 42. Re2 Rb4 43. Rc2 Bxe3 44. Nxf5 Bxf5 45. Bxf5 Bxf4 1/2-1/2

[Event "NB1 Maroczy csoport"]
[Site "Szeged"]
[Date "2024.12.01"]
[Round "3.3"]
[White "Daroczi, Donat"]
[Black "Kocsmar, Akos"]
[Result "1/2-1/2"]
[WhiteElo "2123"]
[BlackElo "2222"]
[PlyCount "21"]
[GameId "2119485803424790"]
[EventDate "2024.11.03"]
[EventType "team-tourn"]
[EventRounds "11"]
[EventCountry "HUN"]
[Source "chess.hu"]
[WhiteTeam "Pitypalatty Sakk SE"]
[BlackTeam "Maroczy SE II."]
[WhiteTeamCountry "HUN"]
[BlackTeamCountry "HUN"]

1. e4 c5 2. Nf3 d6 3. d4 cxd4 4. Qxd4 a6 5. c4 Nc6 6. Qe3 g6 7. Nc3 Bg7 8. Be2 Nf6 9. O-O O-O 10. h3 Nd7 11. Rb1 1/2-1/2

[Event "NB1 Maroczy csoport"]
[Site "Szeged"]
[Date "2024.12.01"]
[Round "3.4"]
[White "Kopasz, Robert"]
[Black "Kovacs, Apollo"]
[Result "1-0"]
[WhiteElo "2241"]
[BlackElo "2101"]
[PlyCount "83"]
[GameId "2119485841046566"]
[EventDate "2024.11.03"]
[EventType "team-tourn"]
[EventRounds "11"]
[EventCountry "HUN"]
[Source "chess.hu"]
[WhiteTeam "Maroczy SE II."]
[BlackTeam "Pitypalatty Sakk SE"]
[WhiteTeamCountry "HUN"]
[BlackTeamCountry "HUN"]

1. e4 c5 2. Nf3 e6 3. c3 d6 4. d4 Nd7 5. Bd3 Ngf6 6. O-O Be7 7. Nbd2 a6 8. b3 b5 9. Bb2 Bb7 10. Re1 Nb6 11. dxc5 dxc5 12. Qc2 Qc7 13. c4 b4 14. e5 Nh5 15. Be4 O-O-O 16. a3 Nf4 17. axb4 cxb4 18. Bxb7+ Qxb7 19. c5 Nbd5 20. Ne4 g5 21. c6 Qb5 22. Nd6+ Bxd6 23. exd6 g4 24. d7+ Kb8 25. Be5+ Nc7 26. Nd4 Qd3 27. Bxf4 Qxd4 28. Be5 Qb6 29. Qc4 a5 30. Bd4 Qb5 31. Qxb5+ Nxb5 32. Be5+ Ka7 33. Rxa5+ Kb6 34. Rxb5+ Kxb5 35. Bxh8 Kxc6 36. Rd1 Rxd7 37. Rxd7 Kxd7 38. Bg7 Kc6 39. Bf8 Kd5 40. Bxb4 Kd4 41. Bd2 Kd3 42. b4 1-0

[Event "NB1 Maroczy csoport"]
[Site "Szeged"]
[Date "2024.12.01"]
[Round "3.5"]
[White "Bognar, Csaba Dr."]
[Black "Koszta, Benedek"]
[Result "0-1"]
[WhiteElo "2067"]
[BlackElo "2109"]
[PlyCount "66"]
[GameId "2119485882649654"]
[EventDate "2024.11.03"]
[EventType "team-tourn"]
[EventRounds "11"]
[EventCountry "HUN"]
[Source "chess.hu"]
[WhiteTeam "Pitypalatty Sakk SE"]
[BlackTeam "Maroczy SE II."]
[WhiteTeamCountry "HUN"]
[BlackTeamCountry "HUN"]

1. d4 Nf6 2. c4 c5 3. d5 e6 4. Nc3 exd5 5. Nxd5 Nxd5 6. Qxd5 Nc6 7. e4 d6 8. Nf3 Be6 9. Qd3 Bg4 10. Nd2 Be7 11. f3 Be6 12. Be2 Bf6 13. O-O Qe7 14. Re1 Be5 15. g3 g5 16. Nf1 h5 17. Ne3 Bd4 18. Kg2 Ne5 19. Qc2 O-O-O 20. Rb1 Qd7 21. Nd5 g4 22. f4 Nf3 23. Bxf3 gxf3+ 24. Kxf3 Bxd5 25. cxd5 Qg4+ 26. Kg2 Rdg8 27. Qe2 Qg7 28. Be3 Bxe3 29. Qxe3 h4 30. e5 hxg3 31. hxg3 Qh7 32. Rh1 Qc2+ 33. Kf3 Rxg3+ 0-1

[Event "NB1 Maroczy csoport"]
[Site "Szeged"]
[Date "2024.12.01"]
[Round "3.6"]
[White "Megyaszai, Balazs"]
[Black "Eberth, Zoltan Bela"]
[Result "1-0"]
[WhiteElo "2041"]
[BlackElo "2018"]
[PlyCount "119"]
[GameId "2119485916810310"]
[EventDate "2024.11.03"]
[EventType "team-tourn"]
[EventRounds "11"]
[EventCountry "HUN"]
[Source "chess.hu"]
[WhiteTeam "Maroczy SE II."]
[BlackTeam "Pitypalatty Sakk SE"]
[WhiteTeamCountry "HUN"]
[BlackTeamCountry "HUN"]

1. e4 d5 2. exd5 Qxd5 3. Nc3 Qa5 4. d4 Bf5 5. Bc4 Nf6 6. Nge2 e6 7. O-O c6 8. Bf4 Nbd7 9. Bb3 Be7 10. Ng3 Bg6 11. Qe2 O-O 12. Nce4 e5 13. dxe5 Nxe5 14. Bd2 Qc7 15. Nxf6+ Bxf6 16. f4 Rfe8 17. fxe5 Bxe5 18. Qf3 Bxb2 19. Rad1 Bd4+ 20. Kh1 Rad8 21. Bf4 Qa5 22. Bg5 Qxg5 23. Bxf7+ Bxf7 24. Qxf7+ Kh8 25. Rxd4 h6 26. Rxd8 Rxd8 27. Qxb7 h5 28. Qxc6 h4 29. Ne4 Qg4 30. h3 Qe2 31. Rg1 Qh5 32. Nf2 Qf5 33. Ng4 Rd2 34. Qa8+ Kh7 35. Qxa7 Qxc2 36. Qe7 Qxa2 37. Qxh4+ Kg8 38. Qg3 Qc2 39. Qf3 Qd3 40. Qxd3 Rxd3 41. Rf1 Rd2 42. Kh2 Rb2 43. Kg3 Kh7 44. Rf3 Ra2 45. Rb3 Rc2 46. h4 Ra2 47. Nh2 Rc2 48. Nf3 Ra2 49. Kh3 Ra1 50. g4 Rh1+ 51. Kg2 Ra1 52. Ng5+ Kh6 53. Rb6+ g6 54. Nf7+ Kg7 55. Ne5 Ra2+ 56. Kf3 Ra3+ 57. Kf4 Ra4+ 58. Kg5 Ra5 59. Rxg6+ Kh7 60. Re6 1-0

[Event "NB1 Maroczy csoport"]
[Site "Szeged"]
[Date "2024.12.01"]
[Round "3.7"]
[White "Dancs, Zsolt"]
[Black "Toth, Daniel"]
[Result "0-1"]
[WhiteElo "2015"]
[BlackElo "2035"]
[PlyCount "48"]
[GameId "2119485954362454"]
[EventDate "2024.11.03"]
[EventType "team-tourn"]
[EventRounds "11"]
[EventCountry "HUN"]
[Source "chess.hu"]
[WhiteTeam "Pitypalatty Sakk SE"]
[BlackTeam "Maroczy SE II."]
[WhiteTeamCountry "HUN"]
[BlackTeamCountry "HUN"]

1. e4 e5 2. Nf3 Nc6 3. Bc4 Nf6 4. d3 h6 5. O-O d6 6. c3 g5 7. Re1 g4 8. Nfd2 Nh5 9. Nf1 Qf6 10. Ne3 Ne7 11. d4 Rg8 12. dxe5 dxe5 13. Qb3 Nf4 14. Nf5 Nh3+ 15. gxh3 Nxf5 16. exf5 gxh3+ 17. Kh1 Bd7 18. Bd5 Bc6 19. Bf4 O-O-O 20. Rxe5 Qxe5 21. Bxe5 Rxd5 22. f3 Rd3 23. Bg3 Rxf3 24. Kg1 Bc5+ 0-1

[Event "NB1 Maroczy csoport"]
[Site "Szeged"]
[Date "2024.12.01"]
[Round "3.8"]
[White "Kevei, Peter"]
[Black "Simon, Attila"]
[Result "0-1"]
[WhiteElo "2125"]
[BlackElo "1997"]
[PlyCount "62"]
[GameId "2119485996403814"]
[EventDate "2024.11.03"]
[EventType "team-tourn"]
[EventRounds "11"]
[EventCountry "HUN"]
[Source "chess.hu"]
[WhiteTeam "Maroczy SE II."]
[BlackTeam "Pitypalatty Sakk SE"]
[WhiteTeamCountry "HUN"]
[BlackTeamCountry "HUN"]

1. e4 d6 2. d4 Nf6 3. Nc3 c6 4. f4 Qa5 5. Bd3 e5 6. Nf3 exd4 7. Nxd4 g6 8. h3 Bg7 9. Be3 Nbd7 10. O-O O-O 11. g4 Qb6 12. Nce2 Qxb2 13. Rb1 Qa3 14. Ng3 Re8 15. Qf3 Qa4 16. c3 h6 17. Bc2 Qa5 18. g5 hxg5 19. fxg5 Ne5 20. Qf4 Nh7 21. Kg2 Re7 22. Bb3 Qxc3 23. Nde2 Qa5 24. Bd4 Qc7 25. Nf5 gxf5 26. exf5 c5 27. Ba1 b5 28. f6 Bb7+ 29. Kg3 Ng6 30. fxe7 Nxf4 31. Nxf4 c4 0-1

[Event "NB1 Maroczy csoport"]
[Site "Szeged"]
[Date "2024.12.01"]
[Round "3.9"]
[White "Csizmadia, Csenger"]
[Black "Puskas, Mihaly"]
[Result "0-1"]
[WhiteElo "1979"]
[BlackElo "1943"]
[PlyCount "120"]
[GameId "2119486037654648"]
[EventDate "2024.11.03"]
[EventType "team-tourn"]
[EventRounds "11"]
[EventCountry "HUN"]
[Source "chess.hu"]
[WhiteTeam "Pitypalatty Sakk SE"]
[BlackTeam "Maroczy SE II."]
[WhiteTeamCountry "HUN"]
[BlackTeamCountry "HUN"]

1. Nf3 d5 2. c4 e6 3. g3 dxc4 4. Nc3 Bd7 5. Ne5 Bc6 6. Nxc6 Nxc6 7. Bg2 Qd7 8. Qa4 Nb4 9. Qxd7+ Kxd7 10. Bxb7 Rb8 11. Be4 Nf6 12. Bb1 h5 13. a3 Nc6 14. d3 Na5 15. Bc2 Nb3 16. Bxb3 cxb3 17. e4 h4 18. Be3 hxg3 19. fxg3 a5 20. h3 Bd6 21. Kf2 Nh5 22. Rag1 c5 23. Kf3 Kc6 24. g4 Nf6 25. Rc1 Nd7 26. Na4 Kb5 27. Nc3+ Ka6 28. Ke2 Rhc8 29. Rhf1 f6 30. g5 Rh8 31. d4 Rxh3 32. Na4 Rh2+ 33. Kd3 Kb5 34. Rc4 cxd4 35. Rxd4 Ne5+ 36. Kc3 Kc6 37. Rc1 Nf3 38. Kd3+ Kd7 39. Bf4 Nxd4 40. Bxh2 Bxh2 41. Kxd4 fxg5 42. Nc5+ Kd6 43. Rd1 g4 44. Rd2 Rh8 45. Nxb3 Be5+ 46. Kc4+ Ke7 47. Nxa5 Rh2 48. Rxh2 Bxh2 49. Kd3 g3 50. Nc6+ Kd6 51. Nd4 g2 52. Nf3 g1=Q 53. Nxg1 Bxg1 54. b4 Kc6 55. a4 Kb6 56. Ke2 Bd4 57. Kd3 Be5 58. Kc4 g5 59. a5+ Ka6 60. Kd3 Kb5 0-1

[Event "NB1 Maroczy csoport"]
[Site "Szeged"]
[Date "2024.12.01"]
[Round "3.11"]
[White "Kacsandi, Lili Fruzsina"]
[Black "Papp, Balazs"]
[Result "1-0"]
[WhiteElo "1899"]
[BlackElo "2031"]
[PlyCount "169"]
[GameId "2119485717687286"]
[EventDate "2024.11.03"]
[EventType "team-tourn"]
[EventRounds "11"]
[EventCountry "HUN"]
[Source "chess.hu"]
[WhiteTeam "Pitypalatty Sakk SE"]
[BlackTeam "Maroczy SE II."]
[WhiteTeamCountry "HUN"]
[BlackTeamCountry "HUN"]

1. e4 d6 2. d4 Nf6 3. Nc3 e5 4. dxe5 dxe5 5. Qxd8+ Kxd8 6. Bg5 Be7 7. Bc4 Ne8 8. Be3 Nd6 9. O-O-O Nd7 10. Bb3 c6 11. Nge2 Kc7 12. Rd2 b5 13. Ng3 a5 14. a4 b4 15. Nce2 Ba6 16. Rhd1 Rhd8 17. f3 Nc4 18. Bxc4 Bxc4 19. Nf5 Bf8 20. b3 Be6 21. Nfg3 g6 22. h4 Be7 23. h5 Nc5 24. Rxd8 Rxd8 25. Rxd8 Kxd8 26. Bxc5 Bxc5 27. hxg6 fxg6 28. Kd2 Ke7 29. Nc1 Kd6 30. Nf1 Bd4 31. Kd3 Bb2 32. Ne2 Kc5 33. Ne3 h5 34. Nd1 Ba1 35. Ne3 Bb2 36. Nd1 Ba1 37. Ne3 Bf7 38. Nd1 Be6 39. Ne3 Bf7 40. Nd1 Bg8 41. Ne3 Be6 42. Nd1 Bc8 43. Nf2 Bb2 44. Ke3 Kd6 45. Nd1 Ba1 46. Kd3 Ba6+ 47. Kd2 Kc5 48. Ke3 Bxe2 49. Kxe2 Kd4 50. Ne3 Bb2 51. Nc4 Bc1 52. Nxa5 Kc5 53. Kd3 Bg5 54. Nb7+ Kb6 55. Nd6 Kc5 56. Nf7 Bf6 57. Ke3 Kb6 58. f4 exf4+ 59. Kxf4 Kc7 60. e5 Be7 61. e6 Bf6 62. Ke4 Bg7 63. Kd3 Bf6 64. Kc4 Be7 65. Kd4 Bf6+ 66. Kc4 Be7 67. c3 bxc3 68. Kxc3 g5 69. Kd3 g4 70. Ke3 c5 71. Kf4 Kb6 72. Ne5 Kc7 73. Ng6 Bf6 74. e7 Kd7 75. a5 Bd4 76. Kg5 c4 77. bxc4 g3 78. Kxh5 Bc5 79. Kg5 Bd4 80. a6 Ke8 81. Kf5 Kf7 82. Ke4 Ba7 83. Kd5 Ke8 84. Kc6 Bd4 85. c5 1-0

[Event "NB1 Maroczy csoport"]
[Site "Szeged"]
[Date "2024.12.01"]
[Round "3.12"]
[White "Szamko, Hanna"]
[Black "Bende, Eniko Tunde"]
[Result "1/2-1/2"]
[WhiteElo "1830"]
[BlackElo "1632"]
[PlyCount "111"]
[GameId "2119485667478502"]
[EventDate "2024.11.03"]
[EventType "team-tourn"]
[EventRounds "11"]
[EventCountry "HUN"]
[Source "chess.hu"]
[WhiteTeam "Maroczy SE II."]
[BlackTeam "Pitypalatty Sakk SE"]
[WhiteTeamCountry "HUN"]
[BlackTeamCountry "HUN"]

1. d4 d5 2. c4 e6 3. Nc3 Nf6 4. Bg5 c5 5. cxd5 exd5 6. Bxf6 gxf6 7. e3 Nc6 8. Bb5 Be6 9. Nge2 a6 10. Bxc6+ bxc6 11. Nf4 Bd7 12. Nh5 Rg8 13. Qf3 Be7 14. h3 c4 15. Rb1 Rg6 16. e4 Be6 17. Nf4 Rh6 18. exd5 cxd5 19. Ncxd5 Bxd5 20. Nxd5 Qa5+ 21. Nc3 Rd8 22. Qe3 Rg6 23. g3 Qg5 24. Qxg5 fxg5 25. Rd1 Rgd6 26. d5 Rb6 27. O-O Rxb2 28. Ne4 f5 29. Nc3 Bb4 30. Rc1 Kf7 31. Rfd1 Bxc3 32. Rxc3 Rxa2 33. Rxc4 Rd7 34. Rc6 a5 35. Rh6 Kg7 36. Re6 a4 37. Ra6 a3 38. g4 f4 39. Kg2 h6 40. Kf3 Kh7 41. Ke4 Rxf2 42. Rxa3 Re2+ 43. Kd4 Ree7 44. Ra6 Re3 45. Rh1 Re2 46. Kc4 Rc2+ 47. Kd3 Rc5 48. h4 Rcxd5+ 49. Ke4 Rd4+ 50. Ke5 R4d5+ 51. Kf6 gxh4 52. Rxh4 f3 53. Rh2 R7d6+ 54. Rxd6 Rxd6+ 55. Ke5 Rg6 56. Kf4 1/2-1/2

[Event "NB1 Maroczy csoport"]
[Site "Kecskemet"]
[Date "2024.12.01"]
[Round "3.1"]
[White "Smith, Bryan"]
[Black "Milosevic, Milos"]
[Result "1/2-1/2"]
[WhiteElo "2388"]
[BlackElo "2323"]
[PlyCount "68"]
[GameId "2119380232854077"]
[EventDate "2024.11.03"]
[EventType "team-tourn"]
[EventRounds "11"]
[EventCountry "HUN"]
[Source "chess.hu"]
[WhiteTeam "Dr. Hetenyi Geza SK"]
[BlackTeam "Neumann J. Egyetem"]
[WhiteTeamCountry "HUN"]
[BlackTeamCountry "HUN"]

1. e4 c5 2. Nf3 d6 3. c3 Nf6 4. h3 Nc6 5. Bd3 g5 6. Bb5 g4 7. hxg4 Bxg4 8. Bxc6+ bxc6 9. d3 Qd7 10. Be3 c4 11. Na3 cxd3 12. Qxd3 Rb8 13. Nc4 Bg7 14. O-O-O Qb7 15. Rd2 d5 16. exd5 cxd5 17. Nce5 Be6 18. Bh6 Rg8 19. Bxg7 Rxg7 20. Nd4 Rxg2 21. Qf1 Rg5 22. f4 Rg3 23. Nxe6 fxe6 24. Rh3 Rxh3 25. Qxh3 Qa6 26. a3 Rb6 27. Rd4 Qe2 28. Rb4 Rxb4 29. axb4 Qe1+ 30. Kc2 Qe4+ 31. Kb3 Qe2 32. Qxe6 Qd1+ 33. Ka3 Qa1+ 34. Kb3 Qd1+ 1/2-1/2

[Event "NB1 Maroczy csoport"]
[Site "Kecskemet"]
[Date "2024.12.01"]
[Round "3.2"]
[White "Ljepic, Andrej"]
[Black "Kun, Gabor"]
[Result "1-0"]
[WhiteElo "2333"]
[BlackElo "2259"]
[PlyCount "61"]
[GameId "2119380405230157"]
[EventDate "2024.11.03"]
[EventType "team-tourn"]
[EventRounds "11"]
[EventCountry "HUN"]
[Source "chess.hu"]
[WhiteTeam "Neumann J. Egyetem"]
[BlackTeam "Dr. Hetenyi Geza SK"]
[WhiteTeamCountry "HUN"]
[BlackTeamCountry "HUN"]

1. e4 e6 2. d4 d5 3. e5 c5 4. c3 Nc6 5. Nf3 Qb6 6. a3 Nh6 7. b4 cxd4 8. cxd4 Nf5 9. Be3 Bd7 10. Be2 Rc8 11. O-O Be7 12. Bd3 Nxe3 13. fxe3 f6 14. exf6 Bxf6 15. Kh1 O-O 16. Nbd2 e5 17. dxe5 Bxe5 18. Nxe5 Nxe5 19. Bxh7+ Kxh7 20. Qh5+ Qh6 21. Qxe5 Rxf1+ 22. Rxf1 Re8 23. Qxd5 Bc6 24. Qf5+ Kh8 25. b5 Bxg2+ 26. Kxg2 Rxe3 27. Nf3 Qd6 28. Qc8+ Kh7 29. Ng5+ Kg6 30. Qf5+ Kh6 31. Nf7# 1-0

[Event "NB1 Maroczy csoport"]
[Site "Kecskemet"]
[Date "2024.12.01"]
[Round "3.3"]
[White "Issa, Rafat"]
[Black "Omorjan, Dejan"]
[Result "0-1"]
[WhiteElo "2340"]
[BlackElo "2338"]
[PlyCount "146"]
[GameId "2119380444097117"]
[EventDate "2024.11.03"]
[EventType "team-tourn"]
[EventRounds "11"]
[EventCountry "HUN"]
[Source "chess.hu"]
[WhiteTeam "Dr. Hetenyi Geza SK"]
[BlackTeam "Neumann J. Egyetem"]
[WhiteTeamCountry "HUN"]
[BlackTeamCountry "HUN"]

1. Nf3 c5 2. c4 Nf6 3. g3 g6 4. Bg2 Bg7 5. O-O O-O 6. d4 cxd4 7. Nxd4 d5 8. cxd5 Nxd5 9. Nb5 a6 10. N5c3 Nxc3 11. Nxc3 Qxd1 12. Rxd1 Nc6 13. Be3 Bg4 14. h3 Be6 15. Nd5 Rad8 16. Rac1 Rd7 17. Nf4 Rxd1+ 18. Rxd1 Bxa2 19. Rd7 e5 20. Nd3 f5 21. Rxb7 e4 22. Nc5 Rb8 23. Rc7 Nb4 24. b3 Nd5 25. Nxa6 Rxb3 26. Rc8+ Kf7 27. Bc1 Rb1 28. Kh2 Ne7 29. Rc2 Bb3 30. Rc7 Be5 31. Rb7 Rxc1 32. Rxb3 Rc6 33. Ra3 Rc2 34. Bf1 Bd6 35. Ra4 h5 36. Kg2 h4 37. gxh4 Nd5 38. Kg1 Nf4 39. e3 Nd3 40. Rd4 Rc6 41. Ra4 Rc1 42. Rd4 Ke7 43. Ra4 Rb1 44. Ra5 Ke6 45. Ra4 Rb2 46. f4 Ke7 47. h5 Ne1 48. Bc4 gxh5 49. Ra2 Nf3+ 50. Kh1 Rb1+ 51. Kg2 h4 52. Be2 Ne1+ 53. Kf2 Nd3+ 54. Bxd3 exd3 55. Kf3 Rf1+ 56. Kg2 Rc1 57. Kf3 Rg1 58. Rd2 Rg3+ 59. Kf2 Rxh3 60. Rxd3 Rh2+ 61. Kf3 Ra2 62. Nc5 Bxc5 63. Rd5 Rc2 64. Rxf5 h3 65. Rh5 h2 66. Rh7+ Kf6 67. e4 Kg6 68. Rh8 Kg7 69. Rh5 Kg6 70. Rh8 Bf8 71. Rh4 Be7 72. Rh8 Bf6 73. f5+ Kg5 0-1

[Event "NB1 Maroczy csoport"]
[Site "Kecskemet"]
[Date "2024.12.01"]
[Round "3.4"]
[White "Groszpeter, Attila"]
[Black "Kormos, Adam"]
[Result "1-0"]
[WhiteElo "2415"]
[BlackElo "2104"]
[PlyCount "73"]
[GameId "2119380477946477"]
[EventDate "2024.11.03"]
[EventType "team-tourn"]
[EventRounds "11"]
[EventCountry "HUN"]
[Source "chess.hu"]
[WhiteTeam "Neumann J. Egyetem"]
[BlackTeam "Dr. Hetenyi Geza SK"]
[WhiteTeamCountry "HUN"]
[BlackTeamCountry "HUN"]

1. e4 c5 2. Nf3 d6 3. d4 cxd4 4. Nxd4 Nf6 5. Nc3 g6 6. Be3 Nc6 7. f3 h5 8. Bc4 Bd7 9. Nxc6 Bxc6 10. e5 dxe5 11. Qxd8+ Rxd8 12. Bxa7 Bh6 13. O-O h4 14. Rae1 Rd2 15. Rf2 Rxf2 16. Bxf2 h3 17. Bb5 hxg2 18. Bxc6+ bxc6 19. Kxg2 Nd7 20. a4 Bd2 21. Rb1 Kd8 22. Ne4 Bf4 23. h3 Kc8 24. Rd1 f5 25. Nc5 Nxc5 26. Bxc5 Rd8 27. Rxd8+ Kxd8 28. a5 Bg5 29. b4 e6 30. c4 Bd2 31. a6 Kc7 32. b5 cxb5 33. cxb5 Ba5 34. Bd6+ Kc8 35. Bxe5 Bb6 36. Kf1 Kd7 37. Ke2 1-0

[Event "NB1 Maroczy csoport"]
[Site "Kecskemet"]
[Date "2024.12.01"]
[Round "3.5"]
[White "Nemeth, Zoltan"]
[Black "Balazs, Gabor"]
[Result "1/2-1/2"]
[WhiteElo "2194"]
[BlackElo "2374"]
[PlyCount "60"]
[GameId "2119380513536637"]
[EventDate "2024.11.03"]
[EventType "team-tourn"]
[EventRounds "11"]
[EventCountry "HUN"]
[Source "chess.hu"]
[WhiteTeam "Dr. Hetenyi Geza SK"]
[BlackTeam "Neumann J. Egyetem"]
[WhiteTeamCountry "HUN"]
[BlackTeamCountry "HUN"]

1. d4 d5 2. c4 e6 3. Nf3 Nf6 4. g3 dxc4 5. Qa4+ Nbd7 6. Qxc4 a6 7. Bg2 c5 8. dxc5 Bxc5 9. Qc2 Qc7 10. e3 b5 11. O-O Bb7 12. b4 Bd6 13. Qxc7 Bxc7 14. Bb2 O-O 15. Nbd2 Rac8 16. a4 bxa4 17. Rxa4 Nd5 18. Rb1 Bd6 19. Bd4 e5 20. e4 Bc6 21. Ra5 Nxb4 22. Nxe5 Nxe5 23. Bxe5 Bxe5 24. Rxe5 Nd3 25. Ra5 Bb5 26. Bf1 Rfd8 27. Nf3 g6 28. Ne1 Nxe1 29. Rxe1 Bxf1 30. Kxf1 Rc6 1/2-1/2

[Event "NB1 Maroczy csoport"]
[Site "Kecskemet"]
[Date "2024.12.01"]
[Round "3.6"]
[White "Marosi, Levente"]
[Black "Farkas, Richard"]
[Result "1/2-1/2"]
[WhiteElo "2291"]
[BlackElo "2242"]
[PlyCount "49"]
[GameId "2119380561169037"]
[EventDate "2024.11.03"]
[EventType "team-tourn"]
[EventRounds "11"]
[EventCountry "HUN"]
[Source "chess.hu"]
[WhiteTeam "Neumann J. Egyetem"]
[BlackTeam "Dr. Hetenyi Geza SK"]
[WhiteTeamCountry "HUN"]
[BlackTeamCountry "HUN"]

1. e4 e6 2. d4 d5 3. Nd2 dxe4 4. Nxe4 Nd7 5. Nf3 Ngf6 6. Bd3 c5 7. O-O Nxe4 8. Bxe4 Nf6 9. Bg5 cxd4 10. Bxf6 gxf6 11. Nxd4 Bg7 12. c3 O-O 13. Nb3 Qc7 14. Qe2 f5 15. Bf3 Bd7 16. Rad1 Rad8 17. Rd2 b6 18. Rfd1 Ba4 19. Qa6 Rxd2 20. Rxd2 Bxb3 21. axb3 Bf6 22. g3 Rd8 23. Rxd8+ Bxd8 24. Bb7 Qb8 25. b4 1/2-1/2